|
|
|
|
| LEADER |
00000nam0a2200000 4500 |
| 001 |
50824 |
| 005 |
20231101211254.0 |
| 035 |
|
|
|a (RuTPU)RU\TPU\book\53212
|
| 090 |
|
|
|a 50824
|
| 100 |
|
|
|a 20030421d1986 m y0rusy50 ca
|
| 101 |
0 |
|
|a rus
|
| 102 |
|
|
|a BY
|
| 105 |
|
|
|a a j 001zy
|
| 200 |
1 |
|
|a Паровые и газовые турбины. Курсовое проектирование
|e учебное пособие
|f А. М. Леонков
|
| 210 |
|
|
|a Минск
|c Вышэйшая школа
|d 1986
|
| 215 |
|
|
|a 182 с.
|c ил.
|
| 320 |
|
|
|a Библиогр.: с. 179-180.
|
| 606 |
1 |
|
|a Паровые турбины
|x Проектирование
|x Конструкции
|2 stltpush
|3 (RuTPU)RU\TPU\subj\48261
|9 67138
|
| 606 |
1 |
|
|a Газовые турбины
|2 stltpush
|3 (RuTPU)RU\TPU\subj\4753
|9 32979
|
| 610 |
1 |
|
|a газовые турбины
|
| 610 |
1 |
|
|a мощность
|
| 610 |
1 |
|
|a паротурбинные установки
|
| 610 |
1 |
|
|a энергосистемы
|
| 610 |
1 |
|
|a тепловой расчет
|
| 610 |
1 |
|
|a учебные пособия
|
| 610 |
1 |
|
|a тепловые электрические станции
|
| 675 |
|
|
|a 621.165.001.6(075.8)
|v 3
|
| 675 |
|
|
|a 621.438(075.8)
|v 3
|
| 700 |
|
1 |
|a Леонков
|b А. М.
|g Александр Митрофанович
|
| 801 |
|
1 |
|a RU
|b 63413507
|c 20030421
|g PSBO
|
| 801 |
|
2 |
|a RU
|b 63413507
|c 20201008
|g PSBO
|
| 942 |
|
|
|c BK
|